Introducción a las computadoras y al procesamiento de información

Bibliographic Details
Main Author: Long, Larry
Format: Section = Libro
Language:Undetermined
Spanish
Published: México Prentice Hall 1990
Edition:2a.ed.
Subjects:
LEADER 00598nam a2200205Ia 4500
008 240829s9999 xx 000 0 und d
020 |a 968-880-183-6 
040 |a BIBLIOTECA-RUPAP 001.6 L848 
041 |a spa 
082 |a 001.6 L848 
100 1 |a Long, Larry 
245 1 0 |a Introducción a las computadoras y al procesamiento de información 
250 |a 2a.ed. 
260 |a México  |b Prentice Hall  |c 1990 
300 |a 447 p. :il. 
650 7 |a COMPUTADORAS ELECTRONICAS 
650 7 |b  SISTEMATIZACION DE DATOS COMPUTADORAS ELECTRONICAS I. Tít. 
942 |c BK  |2 ddc 
991 |a TEXTO 
999 |c 6958